| 000 | 00501nam a2200181 u 4500 | ||
|---|---|---|---|
| 005 | 20210223130710.0 | ||
| 008 | 081003s2006 mx r 000 0 spa d | ||
| 020 | _a970766018X | ||
| 035 | _aUPN01000162115 | ||
| 049 | _aI | ||
| 050 | 4 |
_aCT275 F6.8 _bB7.3 |
|
| 100 | 1 |
_aBrown, Jonatha A. _939002 |
|
| 245 | 1 | 0 |
_aHenry Ford / _cJonatha A. Brown ; tr. Tatiana Acosta. |
| 260 |
_aMéxico : _bEdilar, _c2006. |
||
| 300 |
_a24 p. : _bil. |
||
| 600 | 1 | 4 |
_aFORD, HENRY, _d1863-1947 _918563 |
| 905 | _aInfantil | ||
| 999 |
_c134228 _d134228 |
||